Adivitrabacuentos y poesías 1

Guardat en:
Dades bibliogràfiques
Format: Llibre
Idioma:espanyol
Publicat: Santiago Universitaria 2004
Edició:5a. ed
Col·lecció:Colección El Jardín de los Sueños
Matèries:
Etiquetes: Afegir etiqueta
Sense etiquetes, Sigues el primer a etiquetar aquest registre!

MARC

LEADER 00000nam a2200000 a 4500
001 UCI0033
003 CL-VaPUC
008 070420e20040000CL |||||||||||||||||spa|d
020 |a 9561109794 
082 0 4 |a 808.068  |b ADI  |2 21 
245 1 0 |a Adivitrabacuentos y poesías 1 
250 |a 5a. ed 
300 |a 24 p 
942 |c BK 
945 |d 20070420 00:00:00  |a cmena 
260 |a Santiago  |b Universitaria  |c 2004 
650 0 |a Literatura infantil   |9 307465 
650 0 |a Poesías infantiles   |9 310305 
650 7 |a TRABALENGUAS  |2 CL-VaPUC  |9 520097 
650 0 |a Adivinanzas  |9 456588 
583 |a last modification  |c 20130304 01:55:41  |k Rodrigo Vera 
490 0 |a Colección El Jardín de los Sueños 
999 |c 325327  |d 325325 
952 |0 0  |1 0  |4 0  |6 808_068000000000000_ADI_2004  |7 0  |8 A  |9 406055  |a BIBEDU  |b BIBEDU  |d 2019-11-22  |i 4328159  |l 1  |o 808.068 ADI 2004  |p 4328159  |r 2024-11-19  |s 2024-11-19  |w 2019-11-22  |y BK  |k EBA